| 000 | 00691nam a22002057a 4500 | ||
|---|---|---|---|
| 003 | AM-YEHGA | ||
| 005 | 20250617164142.0 | ||
| 008 | 211026s2020 xxua|||| |||| 00| 0 eng d | ||
| 020 | _a9781952521614 | ||
| 040 | _aAM-YeHGA | ||
| 041 | 0 | _aeng | |
| 245 | 1 | 0 |
_aArmenica an annotated Bibliography, or a list of books on Armenia and Armenians published in Western languages up to 2015 and omitted in main bibliographies / _cCompiled by Vitali Ianko. |
| 260 |
_aPawtucket (USA) : _bStillwater River Publications, _c2020. |
||
| 300 |
_a729 p. : _bill. |
||
| 650 | 1 | 4 |
_aArmenian history _xBibliography |
| 700 | 1 |
_aIanko, Vitali _4com |
|
| 942 |
_2udc _cBK |
||
| 001 | 1798719 | ||
| 090 | _c522356 | ||
| 999 |
_c518795 _d518795 |
||